Central Library OPAC University of Rajshahi

Through the Russian Revolution / (Record no. 26522)

MARC details
000 -LEADER
fixed length control field 00805cam a22002531 4500
001 - CONTROL NUMBER
control field 26522
003 - CONTROL NUMBER IDENTIFIER
rucl marc code BD-RjUL
005 - DATE AND TIME OF LATEST TRANSACTION
control field 20211209051029.0
008 - FIXED-LENGTH DATA ELEMENTS--GENERAL INFORMATION
fixed length control field 140322s1967 nyua 000 0 eng
035 ## - SYSTEM CONTROL NUMBER
System control number (BD-RjUL)26592
040 ## - CATALOGING SOURCE
Original cataloging agency DLC
Transcribing agency DLC
Modifying agency DLC
Language of cataloging eng
041 ## - LANGUAGE CODE
Language code of text/sound track or separate title eng
082 00 - DEWEY DECIMAL CLASSIFICATION NUMBER
Classification number 947.08410924
Author mark and year WIT
100 1# - MAIN ENTRY--PERSONAL NAME
Personal name Williams, Albert Rhys,
Dates associated with a name 1883-1962.
9 (RLIN) 81581
245 10 - TITLE STATEMENT
Title Through the Russian Revolution /
Statement of responsibility, etc. Albert Rhys Williams
260 ## - PUBLICATION, DISTRIBUTION, ETC. (IMPRINT)
Place of publication, distribution, etc. MOSCOW :
Name of publisher, distributor, etc. Progress publishers,
Date of publication, distribution, etc. 1967
300 ## - PHYSICAL DESCRIPTION
Pagination 237 p. :
Illustrations illus. (part col.) ;
Size 22 cm.
650 #0 - SUBJECT ADDED ENTRY--TOPICAL TERM
Topical term or geographic name as entry element Communism
Geographic subdivision Soviet Union.
9 (RLIN) 81582
651 #0 - SUBJECT ADDED ENTRY--GEOGRAPHIC NAME
Geographic name Soviet Union
General subdivision History
Chronological subdivision Revolution, 1917-1921
Form subdivision Personal narratives.
9 (RLIN) 81583
700 1# - ADDED ENTRY--PERSONAL NAME
Personal name Kunitz, Joshua,
Dates associated with a name 1896-1980.
942 ## - ADDED ENTRY ELEMENTS (KOHA)
Source of classification or shelving scheme Dewey Decimal Classification
Koha item type Books
Holdings
Lost status Source of classification or shelving scheme Damaged status Not for loan Collection code Permanent Location Current Location Shelving location Date acquired Source of acquisition Cost, normal purchase price Total Checkouts Full call number Date last seen Copy number Koha item type
  Dewey Decimal Classification   Added to bundle Non-fiction Central Library, University of Rajshahi Central Library, University of Rajshahi Reading Room 03/04/1974 soviet pustok prodorsoni 2.50   947.08410924 WIT 1967 22/03/2014 C-1 Books